Регионална библиотека "Любен Каравелов" - Русе

Курортът Пампорово (Запис номер 189516)

MARC детайли
000 -Лидер
Контролно поле с фиксирана дължина 01792nam a2200397 c 4500
003 - Код на организацията, давaща контролен номер
Контролно поле BLK
005 - Дата и час на последна редакция
Контролно поле 20180422115646.0
008 - Елементи от данни с фиксирана дължина
fixed length control field 180411b bul|||||r ||||||| ||bul||
010 ## - Наследен системен номер
LC control number KNG00198560000
040 ## - Източник на каталожния запис
Идентификатор на билиотеката - собственик на записа BLK
041 ## - Код за език
Код за езика на текст/звукозапис или на отделно заглавие Български
Код за езика КДБФ Български
080 ## - УДК
Текстов определител УДК Хидротерапия (водотерапия). Балнеолечение. Курортотерапия - Лечение с бани, горещи бани, сауна, хладни бани, речно къпане, влажни фрикции, компреси, с "жива вода"(алкално активирана, с ph 9, 6;курорт
УДК код - определител по УДК 615.838
УДК определител (497.2)
УДК - код + определител 615.838(497.2)
100 1# - Редна дума - Автор
Автор Илиев, Цветан Стоянов
Авторска отговорност първи автор
R(LIN) 383659
139 ## - Редно поле
Редна дума Илиев, Цветан Стоянов
Авторски знак Илие - И 52
245 10 - Сведения за заглавието
Заглавие Курортът Пампорово
Редно поле (дума) Цветан Стоянов Илиев.
250 ## - Област на изданието
Сведения за изданието 2. доп. изд.
257 ## - Страна на издаване
Страна на създаване/издаване България
260 ## - Област на издателските данни
-- София
Име на издателя, разпространителя и проч. Медицина и физкултура
Година на издаване 1971
Печатница Пловдив : Д. Благоев
300 ## - Физическа характеристика
Страници 60 с.
Илюстрации и др. с ил.
Размери/Мащаб 17 см
380 ## - Жанр
Жанр Медицина
490 1# - СЕРИИ (Колекции)
Име на серия Наши курорти
500 ## - Общи забележки
Забележка 1. изд. 1962 със загл. Курорт Васил Коларов "Пампорово". - 4 076 тир.
650 #4 - Допълнително описание по предмет – тема
Основно описание – тема или топоним Пампорово
9 (RLIN) 179333
650 #4 - Допълнително описание по предмет – тема
Основно описание – тема или топоним Климатотерапия
9 (RLIN) 158746
650 #4 - Допълнително описание по предмет – тема
Основно описание – тема или топоним Балнеотерапия - България
9 (RLIN) 246845
650 #4 - Допълнително описание по предмет – тема
Основно описание – тема или топоним Курорти, планински
9 (RLIN) 291189
651 #4 - Допълнително описание по предмет - топоним
Географско понятие България
9 (RLIN) 241624
653 ## - Ключова дума – ненормативна
Ключова дума Пампорово
653 ## - Ключова дума – ненормативна
Ключова дума курорти
653 ## - Ключова дума – ненормативна
Ключова дума балнеолечение
852 ## - Местоположение
Форматна сигнатура Цб І 12352
856 4# - Електронен адрес и достъп
Електронен формат pdf - файл
Път до файла /url/
856 4# - Електронен адрес и достъп
Електронен формат pdf - файл
Път до файла /url/
942 ## - АРТИКУЛИ
Вид на библиотечния материал Книги
Скрит в OPAC Не
944 ## - СЪЗДАВАНЕ И РЕДАКЦИЯ на ЗАПИСА
Създаване/Редакция Създаване
Дата на регистрацията/редакция 19.12.2016
Служител, извършил регистрацията/редакцията Елиз_Шакирова
944 ## - СЪЗДАВАНЕ И РЕДАКЦИЯ на ЗАПИСА
Създаване/Редакция Редакция
Дата на регистрацията/редакция 19.12.2016
Служител, извършил регистрацията/редакцията Геновева_Генчева
999 ## - СИСТЕМНИ КОНТРОЛНИ НОМЕРА
Koha biblionumber 189516
Koha biblioitemnumber 189516
Наличности
Код за отписване Код за изгубен артикул Източник на класификационната схема Код за повреда Коз за рестрикции Код за отдаване Артикулен № Име на библиотеката - собственик Име на библиотеката, в която се намира в момента Статус (Текущо местоположение) Дата на вписване в системата Местоположение - отдел Цена в лева Инвентарен номер Систематично азбучна сигнатура Баркод Номер на екземпляра Цена в евро Служебна бележка Служебен тип на артикула Бележка за публиката
  Не е изгубен Universal Decimal Classification Не е повреден само за читалня ползва се в читалня 333469 Регионална библиотека "Любен Каравелов" Русе Регионална библиотека "Любен Каравелов" Русе Хранилище 1971-01-01 Хранилище 0.10 96682 Цб І 12352 120000096682 1 0.05 Дост: Dp Вид: Д N: стар фонд Дата: 01.01.1971 Книги  
Изтеглен Не е изгубен Universal Decimal Classification Не е повреден без рестрикции заемане за дома 333470 Регионална библиотека "Любен Каравелов" Русе Регионална библиотека "Любен Каравелов" Русе Заемна - подръчен фонд 1971-01-01 Заемна - подръчен фонд 0.10 97333 П 615.83/И 52 97333 2 0.05 Дост: Pk Вид: Ф N: стар фонд Дата: 01.01.1971 Дата инв: 15.02.2018 Бележки инв: П2018 Книги  
Изтеглен Не е изгубен   Не е повреден без рестрикции заемане за дома 333471 Регионална библиотека "Любен Каравелов" Русе Регионална библиотека "Любен Каравелов" Русе   1971-01-01 Заемна - подръчен фонд 0.10 97334 П 615.83/И 52 97334 3 0.05 Дост: Pk Вид: Ф N: стар фонд Дата: 01.01.1971 Книги Отч.N: 22/2018 , Дата: 26.03.2018
Изтеглен Не е изгубен   Не е повреден без рестрикции заемане за дома 333472 Регионална библиотека "Любен Каравелов" Русе Регионална библиотека "Любен Каравелов" Русе   1971-01-01 Заемна - подръчен фонд 0.10 97335 П 615.83/И 52 97335 4 0.05 Дост: Pk Вид: Ф N: стар фонд Дата: 01.01.1971 Книги Отч.N: 22/2018 , Дата: 26.03.2018
Vip Innovations Ltd, Rousse, Bulgaria 2025